Exhibit design 3.

Bibliographic Details
Main Author: Konikow, Robert B.
Format: Book
Language:English
Published: Glen Cove, N.Y. : PBC International, [1988]
Subjects:

MARC

Tag First Indicator Second Indicator Subfields
LEADER 00000cam a2200000 a 4500
001 in00000027162
005 20151007055918.0
008 871116s1988 nyua 00100 eng
010 |a  87032755  
020 |a 0866360581 :  |c $49.95 
035 |a (OCoLC)17108654 
035 |9 AAB9635AM 
040 |a DLC  |c DLC  |d TXA  |d UtOrBLW 
049 |a TXAM  |c [A11090146] 
050 0 0 |a T396.5  |b .K652 1988 
082 0 |a 659.1/52  |2 19 
100 1 |a Konikow, Robert B. 
245 1 0 |a Exhibit design 3. 
264 1 |a Glen Cove, N.Y. :  |b PBC International,  |c [1988] 
264 4 |c ©1988 
300 |a 253 pages :  |b color illustrations ;  |c 31 cm. 
336 |a text  |b txt  |2 rdacontent 
337 |a unmediated  |b n  |2 rdamedia 
338 |a volume  |b nc  |2 rdacarrier 
500 |a Includes index. 
650 0 |a Exhibitions. 
740 0 |a Exhibit design three. 
999 |a MARS 
999 f f |s b59c10f9-3761-36bc-b248-d0e60c19921f  |i 6f659ebc-c179-31e3-a8c3-058527a77120  |t 0 
952 f f |p ric  |a Texas A&M University  |b Rellis Campus  |c Joint Library Facility  |d Remote Storage  |t 0  |e T396.5 .K652 1988  |h Library of Congress classification  |i unmediated -- volume  |m A14811090146 
998 f f |a T396.5 .K652 1988  |t 0  |l Remote Storage